000 00879nam a2200325 a 4500
003 AR-BaBNM
005 20251128204249.0
008 082120s2002 ||||||||||||||000 | spa||
040 _cAR-BaBNM
100 1 _aOrdaz, Luis
245 0 0 _aBreve historia del teatro argentino
_bla organización nacional. 2
260 _aBuenos Aires
_bEudeba
_c1962
300 _a159 p.
_bil.
490 0 _aSerie del siglo y medio
_vv. 39
500 _aContiene fragmentos de obras de teatro
650 4 _aLITERATURA ARGENTINA
650 4 _aSOCIOLOGIA CULTURAL
650 4 _aHISTORIA LITERARIA
650 4 _aTEATRO
650 4 _aARTES ESCENICAS
650 4 _aTEATRO POPULAR
650 4 _aVIDA SOCIAL
650 4 _aCRITICA LITERARIA
650 4 _aACTORES
653 _aCOSTUMBRISMO
653 _aLITERATURA GAUCHESCA
655 _aLITERATURA
942 _cBK
998 _cMARTIN
999 _c6766
_d6766